The Sierra Leone Quiz Stats

 Plays Quiz Updated Jul 28, 2018

Also try: The Nigeria Quiz
Challenge
Share
Tweet
Embed
Score 0/35 Timer 07:00
0 Plays Today
Hint Answer % Correct
Flag ColorGreen
95.6%
Flag ColorWhite
95.2%
Flag ColorBlue
94.3%
ContinentAfrica
93.5%
Drives on the...Right
90%
Age of Suffrage18
89%
Lowest Point (0 m)Atlantic Ocean
87.6%
Bordering OceanAtlantic Ocean
87.6%
Independence (1961) From United Kingdom
86.3%
Official LanguageEnglish
85.8%
Largest Religion (60%)Islam
79.9%
Bordering CountryLiberia
79.5%
Internet Country Code.sl
78.9%
Bordering CountryGuinea
77.9%
CapitalFreetown
74.7%
Official NameRepublic of Sierra Leone
74.3%
Largest CityFreetown
74.2%
Type of GovernmentPresidential Republic
73.5%
Hint Answer % Correct
Major Producer of This GemstoneDiamond
67%
End of Civil War (1991 - ?)2002
65.1%
Number of Regions4
62.1%
Animal on Coat of ArmsLion
54.1%
Largest Export Partner (23.1%)China
43.8%
Nationality (Demonym)Sierra Leonean
40.6%
CurrencyLeone
39.4%
Third Largest CityBo
16%
Second Largest CityKenema
13%
Current PresidentJulius Maada Bio
11.7%
Date of IndependenceApril 27th
9.8%
National MottoUnity, Freedom, Justice
8.1%
Fourth Largest CityKoidu
7.4%
National AnthemHigh We Exalt Thee, Realm of the Free
7.2%
National Football Team NicknameLeone Stars
6.9%
Highest Point (1,948 m)Mount Bintumani
6.6%
Largest IslandSherbro Island
6.5%

You're not logged in!

Compare scores with friends on all Sporcle quizzes.
OR
Log In

You Might Also Like...

Show Comments

Extras

Top Quizzes Today


Score Distribution

Your Account Isn't Verified!

In order to create a playlist on Sporcle, you need to verify the email address you used during registration. Go to your Sporcle Settings to finish the process.

Report this User

Report this user for behavior that violates our Community Guidelines.

Details: